000 00550nam a2200145 a 4500
008 120416s1959 ||||||||||||||||| || u
050 _aPR 4750. U8H37
100 _aHardy, Thomas, 1840-1928
245 1 0 _aUnder the greenwood tree, or The Mellstock quire
246 _aa rural painting of the Dutch school
260 _aLondon
_bMacMillian
_c1959
300 _a280 pages
350 _a0.00
995 _D0.00
_FCBU-MAIN LIBRARY (Kitwe)
_H1
_I0.00
_M1
_UAVAILABLE
_ZAnnex Low-Usage Collection
999 _c60629
_d60629